000 01086nam a2200301 c 4500
003 BLK
005 20180422113809.0
008 180410b bul|||||r ||||||| ||bul||
010 _aKNG00169035000
040 _aBLK
041 _aBUL
_cBUL
072 7 _2bullib
_aК
_xКраезнание
080 _aБългарска литература
_b821.163.2
_x-1
_z821.163.2-1
100 1 _aКоларов, Иван Стоянов
_eпърви автор
_9372482
139 _aКоларов, Иван Стоянов
_bК 77
245 1 0 _aБългаринът в мен
_bСтихове за пионери и средношколци
_cИван Стоянов Коларов.
257 _aBGR
260 Бяла
_bРайонен пионерски дом
_c1971
300 _a31 с.
_c20 см
380 _aX
500 _a500 тир.
659 _aК
852 _aЦб І 12780
856 4 _qpdf
_u
856 4 _qpdf
_u
942 _cKNG
_n0
944 _aCR
_c18.12.2014
_l18.12.2014 - от С1,Р / 18.12.2014
_kНора_Радева
944 _aED
_c18.12.2014
_l18.12.2014 - от С1,Р / 18.12.2014
_k
999 _c161677
_d161677